Personnages de dessins animés en images - R - Statistiques

Statistiques générales
  • Ce quiz a été pris 661 fois
  • Le résultat moyen est 11 sur 16
Statistiques - réponses
Par images Réponse % Correct
Raiponce
99%
Remy
92%
Robin des Bois
89%
Ralph la Casse
88%
Rox et Roucky
88%
Rex
79%
Reine de Cœur
74%
Rantanplan
69%
Raya
69%
Riley Andersen
66%
Rafiki
65%
Rango
55%
Rajah
39%
Rosita
32%
Roger Radcliffe
28%
Rosélia
22%
Aucun quiz correspondant
Distribution des résultats
% des personnes avec chaque résultat
Percentile par nombre de réponses
Votre historique - résultats
Vous n’avez pas pris ce quiz